| 000 | 00642nam a22002057a 4500 | ||
|---|---|---|---|
| 005 | 20260204073143.0 | ||
| 008 | 220216b |||||||| |||| 00| 0 eng d | ||
| 020 | _a9789810697808 | ||
| 040 | _cJHCSC | ||
| 041 | _aeng | ||
| 082 | _a003 H698 2011 | ||
| 100 |
_92250 _aJeffrey A. Hoffer _eauthor. |
||
| 245 |
_aModern Systems Analysis and Design _cJeffrey A. Hoffer, Joey F. Goerge and Joseph S. Valacich |
||
| 250 |
_aSixth Edition _bInternational Edition |
||
| 260 |
_aSingapore _bPrentice Hall _c2011 |
||
| 300 | _a575p. | ||
| 700 |
_92251 _aJoey F. George _eauthor. |
||
| 700 |
_92252 _aJoseph S. Valacich _eauthor. |
||
| 942 |
_2ddc _cBOOK |
||
| 999 |
_c11317 _d11317 |
||